KFZ Kennzeichen der Oberpfalz - Statistiken

Allgemein
  • Dieses Quiz wurde 52 mal gespielt
  • Das Durchschnittsergebnis liegt bei 7 aus 9
Antwortstatistiken
Hint Antwort % Korrekt
CHA Cham
98%
R Regensburg
98%
AM Amberg
89%
NM Neumarkt in der Oberpfalz
83%
TIR Tirschenreuth
79%
WEN Weiden in der Oberpfalz
77%
SAD Schwandorf
74%
NEW Neustadt an der Waldnaab
72%
AS Amberg-Sulzbach
62%
Keine übereinstimmenden Quizze gefunden
Verteilung der Resultate
Anzahl Personen mit jedem Resultat
Perzentil nach korrekt beantworteten Fragen
Ihre Resultats-Entwicklung
Sie haben dieses Quiz noch nicht gespielt